[Event "Open"]
[Site "Rijeka CRO"]
[Date "2001.12.02"]
[Round "2"]
[White "Doric,D"]
[Black "Fercec,N"]
[Result "1-0"]
[WhiteElo "2254"]
[BlackElo "2458"]

1.d4 Nf6 2.Bg5 Ne4 3.Bf4 c5 4.f3 Qa5+ 5.c3 Nf6 6.Nd2 cxd4 7.Nb3 Qb6 8.Qxd4 Nc6
9.Qxb6 axb6 10.Be3 e5 11.Bxb6 d5 12.g3 d4 13.cxd4 Bb4+ 14.Kf2 Be6 15.Nc5 exd4
16.Nxe6 fxe6 17.e3 Nd5 18.Bxd4 e5 19.Bc4 exd4 20.Bxd5 dxe3+ 21.Kxe3 O-O-O
22.Be4 Kb8 23.Nh3 Bc5+ 24.Ke2 Nd4+ 25.Kf1 Rhf8 26.Rd1 Rde8 27.Kg2 Nc2 28.Rhe1 Nxe1+
29.Rxe1 h6 30.Nf4 g5 31.Nd3 Bd6 32.Nf2 Bc7 33.Re2 Rf6  1-0

[Event "ch-GER"]
[Site "Altenkirchen GER"]
[Date "2001.12.03"]
[Round "4"]
[White "Schramm,C"]
[Black "Dunsbach,R"]
[Result "1/2-1/2"]
[WhiteElo "2359"]
[BlackElo "2312"]

1.d4 Nf6 2.Bg5 Ne4 3.Bf4 Nc6 4.Nd2 d5 5.c3 Nxd2 6.Qxd2 Bf5 7.Nf3 e6 8.e3 Bd6
9.Bxd6 Qxd6 10.Be2 O-O 11.Nh4 Ne7 12.Nxf5 exf5 13.O-O c6 14.Bd3 Rad8 15.Rae1 g6
16.f3 Rfe8 17.Bc2 Nc8 18.e4 fxe4 19.fxe4 dxe4 20.Bxe4 f5 21.Bc2 Kg7 22.Qf2 Qf8
23.Qg3 Qd6 24.Qh4 Qf6 25.Qf2 Qf8 26.Qh4 Qf6 27.Qf2 Qf8 28.Qh4  1/2-1/2

[Event "ch-GER"]
[Site "Altenkirchen GER"]
[Date "2001.12.04"]
[Round "5"]
[White "Schlindwein,R"]
[Black "Levin,F"]
[Result "1/2-1/2"]
[WhiteElo "2440"]
[BlackElo "2531"]

1.d4 Nf6 2.Bg5 Ne4 3.Bf4 c5 4.f3 Qa5+ 5.c3 Nf6 6.d5 Qb6 7.b3 e6 8.c4 exd5
9.cxd5 d6 10.e4 Be7 11.Nd2 O-O 12.Nc4 Qd8 13.a4 Nh5 14.Be3 Na6 15.f4 Nf6
16.e5 Ng4 17.Bc1 Nb4 18.Be2 Nh6 19.Ba3 Nf5 20.Bxb4 cxb4 21.Nf3 dxe5 22.fxe5 Bc5
23.Qd3 Nh4 24.Nxh4 Qxh4+  1/2-1/2

[Event "sf ch-NED"]
[Site "Leeuwarden NED"]
[Date "2001.12.08"]
[Round "2.1"]
[White "Janssen,R"]
[Black "Solleveld,Maa"]
[Result "1-0"]
[WhiteElo "2475"]
[BlackElo "2413"]

1.d4 Nf6 2.Bg5 Ne4 3.Bf4 c5 4.f3 Qa5+ 5.c3 Nf6 6.Nd2 cxd4 7.Nb3 Qb6 8.Qxd4 Nc6
9.Qxb6 axb6 10.Be3 b5 11.a3 d5 12.Nd4 Nxd4 13.Bxd4 Bd7 14.Rd1 e6 15.g4 Bc6
16.Nh3 Nd7 17.f4 f6 18.Bg2 O-O-O 19.O-O Kc7 20.Nf2 Bd6 21.Nd3 Rhe8 22.Bf2 Nb6
23.Bxb6+ Kxb6 24.e3 Re7 25.Rde1 Ra8 26.e4 dxe4 27.Bxe4 Rd8 28.Rf3 f5 29.gxf5 exf5
30.Bxc6 Rxe1+ 31.Nxe1 Kxc6 32.Kf1 Re8 33.Nc2 Bc5 34.Rh3 Re4 35.Rxh7 Rxf4+
36.Ke2 Rg4 37.Kd3 Rg2 38.Rh8 f4 39.b4 Bg1 40.Nd4+ Bxd4 41.Kxd4 Re2 42.Rf8 Rd2+
43.Ke4 Re2+ 44.Kd3 Rxh2 45.Rxf4 Rh6 46.Rg4 Rd6+ 47.Kc2 g6 48.Rg5 Kb6 49.Kb3 Rc6
50.Re5 Ka6 51.Rg5 Kb6 52.Kb2 Rf6 53.Kb3 Rc6 54.Rg3 Ka6 55.Rg4 Rf6 56.Rg5 Rc6
57.Re5 Kb6 58.Re7 Ka6 59.Rg7 Rf6 60.Rg8  1-0

[Event "FSGMA December"]
[Site "Budapest HUN"]
[Date "2001.12.10"]
[Round "10"]
[White "Schenk,Andreas"]
[Black "Felgaer,R"]
[Result "0-1"]
[WhiteElo "2443"]
[BlackElo "2467"]

1.d4 Nf6 2.Bg5 Ne4 3.Bf4 c5 4.f3 Qa5+ 5.c3 Nf6 6.d5 Qb6 7.Bc1 e6 8.c4 d6
9.Nc3 g6 10.e4 Bg7 11.dxe6 fxe6 12.e5 dxe5 13.Bd3 O-O 14.Nh3 e4 15.Bxe4 Nxe4
16.Nxe4 Qb4+ 17.Nd2 Nc6 18.Nf2 b5 19.a3 Qa5 20.O-O Ba6 21.cxb5 Qxb5 22.Re1 Nd4
23.a4 Qa5 24.Re4 Rad8 25.Nb3 Nxf3+ 26.Qxf3 Rxf3 27.gxf3 Qb6 28.Nd2 Bd3 29.Nc4 Bxc4
30.Rxc4 Qb3  0-1

[Event "Rudenko mem w"]
[Site "St Petersburg RUS"]
[Date "2001.12.16"]
[Round "9"]
[White "Bistrikova,E"]
[Black "Grigorieva,E"]
[Result "1-0"]
[WhiteElo "2139"]
[BlackElo "2066"]

1.d4 Nf6 2.Bg5 Ne4 3.Bf4 d5 4.e3 c6 5.f3 Nd6 6.Nc3 Bf5 7.Qe2 b5 8.O-O-O Bg6
9.e4 b4 10.Na4 dxe4 11.Nc5 exf3 12.Nxf3 e6 13.h4 Be7 14.h5 Bf5 15.h6 g5 16.Bd2 a5
17.Ne5 O-O 18.g4 Bg6 19.Bg2 Nb5 20.Be3 Qc7 21.Nxg6 hxg6 22.Ne4 f6 23.Rdf1 Nd7
24.Qc4 Rae8 25.Qxe6+ Kh8 26.Qc4 Nb6 27.Qd3 Nd5 28.Bd2 Nf4 29.Bxf4 gxf4 30.Nc5 Bd6
31.Qxg6 Nxd4 32.Ne4 Be5 33.g5 f5 34.Nf6 Bxf6 35.gxf6 Rg8 36.Qg7+ Rxg7 37.hxg7+ Kg8
38.Rh8+ Kf7 39.Rxe8 Ne2+ 40.Kb1 f3 41.g8=Q+ Kxf6 42.Re6+  1-0

[Event "Casino Open"]
[Site "Interlaken SUI"]
[Date "2001.12.27"]
[Round "2"]
[White "Rausis,I"]
[Black "Horvath,Ta1"]
[Result "0-1"]
[WhiteElo "2466"]
[BlackElo "2368"]

1.d4 Nf6 2.Bg5 Ne4 3.Bh4 c5 4.Nd2 Qa5 5.c3 Nxd2 6.Qxd2 cxd4 7.cxd4 Qxd2+
8.Kxd2 d5 9.e3 e6 10.Ne2 Bd7 11.Nc3 Bc6 12.a3 Be7 13.Bg3 a6 14.Bd3 Nd7 15.Rhc1 Nb6
16.b3 Rc8 17.Kc2 Kd7 18.Kb2 Bd6 19.a4 Rc7 20.b4 Bxg3 21.hxg3 Kd6 22.a5 Nc8
23.g4 h6 24.Kb3 Na7 25.Rc2 Rhc8 26.Rac1 Bd7 27.f3 f6 28.f4 e5 29.dxe5+ fxe5
30.Be2 Be6 31.Kb2 Nc6 32.Ka3 exf4 33.b5 Nxa5 34.bxa6 bxa6 35.Bxa6 Nc4+ 36.Kb4 Rb8+
37.Nb5+ Ke7 38.exf4 Bd7 39.Rd2 Bxb5 40.Bxb5 Rxb5+ 41.Kxb5 Nd6+  0-1

[Event "ch-AUS"]
[Site "Melbourne AUS"]
[Date "2001.12.29"]
[Round "2"]
[White "Zhao Zong Yuan"]
[Black "Lloyd,A"]
[Result "1-0"]
[WhiteElo "2387"]
[BlackElo "2205"]

1.d4 Nf6 2.Bg5 Ne4 3.Bf4 c5 4.f3 Qa5+ 5.c3 Nf6 6.Nd2 cxd4 7.Nb3 Qd8 8.cxd4 d5
9.e3 e6 10.Bd3 Nc6 11.Ne2 Bb4+ 12.Kf2 Nh5 13.Bg3 O-O 14.Rc1 f5 15.Nc5 e5
16.dxe5 Nxg3 17.hxg3 Nxe5 18.a3 Bxc5 19.Rxc5 b6 20.Rc3 g6 21.Bb1 Bb7 22.Ba2 Qd6
23.Qd4 Rad8 24.Rd1 Rd7 25.Nf4 Rfd8 26.Rc2 g5 27.Ne2 Qf6 28.Kg1 Kg7 29.g4 Kg6
30.gxf5+ Qxf5 31.Bb1 Kf7 32.Ng3 Qe6 33.Rf2 Kg8 34.Bf5 Qe7 35.Bxd7 Rxd7 36.Rc2 Nc6
37.Nf5 Qe6 38.Qg4 Rd8 39.Qxg5+ Qg6 40.Qxd8+  1-0

[Event "Open"]
[Site "Trinec CZE"]
[Date "2002.01.01"]
[Round "8"]
[White "Trombik,K"]
[Black "Voloshin,L"]
[Result "1-0"]
[WhiteElo "2231"]
[BlackElo "2453"]

1.d4 Nf6 2.Bg5 Ne4 3.Bf4 d5 4.f3 Nf6 5.e3 e6 6.Bd3 Bd6 7.Bxd6 Qxd6 8.c3 e5
9.Nd2 O-O 10.Ne2 Qe7 11.Qc2 c5 12.dxc5 Qxc5 13.e4 dxe4 14.Nxe4 Nxe4 15.Bxe4 f5
16.Qb3+ Kh8 17.Bxb7 Bxb7 18.Qxb7 Nc6 19.O-O-O Rfb8 20.Qa6 Nb4 21.Qd6 Qc4
22.Qd2 Nxa2+ 23.Kb1 h6 24.Rhe1 Rb6 25.Qe3 Rxb2+ 26.Kxb2 Rb8+ 27.Kc2 Qa4+
28.Kd3 Qb5+ 29.Kc2 Qb2+ 30.Kd3 Rd8+ 31.Kc4 Rc8+ 32.Kd5 Qb7+ 33.Ke6 Rf8 34.Qc5 Qf7+
35.Kxe5 Qf6+ 36.Kd5 Rd8+ 37.Kc4 Qa6+ 38.Kb3 Rb8+ 39.Kc2 Nb4+ 40.Qxb4 Rxb4
41.cxb4 Qc4+ 42.Nc3 Qxb4 43.g3 Qb7 44.Rd5 Qf7 45.f4 Kh7 46.Ree5 Qh5 47.Rd2 Qf7
48.Rde2 Kg6 49.Re7 Qf8 50.Rxa7 Kh5 51.h3 Qc5 52.Rae7 Qg1 53.g4+ Kh4 54.Rxg7 Qd4
55.Rf7 fxg4 56.hxg4 Kxg4 57.f5 Kg3 58.Rd2  1-0

[Event "8th Open"]
[Site "Bosnjaci CRO"]
[Date "2002.01.04"]
[Round "3"]
[White "Drazic,S"]
[Black "Jakic,I"]
[Result "0-1"]
[WhiteElo "2471"]
[BlackElo "2255"]

1.d4 Nf6 2.Bg5 Ne4 3.Bf4 c5 4.dxc5 Qa5+ 5.Nd2 Nxd2 6.Qxd2 Qxc5 7.e4 Nc6 8.Ne2 e6
9.Nc3 Be7 10.O-O-O O-O 11.Kb1 Ne5 12.Nd5 exd5 13.Bxe5 dxe4 14.Bd4 Qc6 15.f3 d5
16.c4 Be6 17.Bxg7 Kxg7 18.cxd5 Qa4 19.b3 Qa3 20.fxe4 Bf6 21.Bd3 Qd6 22.Rhf1 Bg4
23.Rde1 Qe5 24.Rxf6 Qxf6 25.e5 Qh6 26.Qb4 Bh5 27.e6 fxe6 28.Rxe6 Bg6 29.Qc3+ Kg8
30.Bxg6 hxg6 31.Qd3 Kg7 32.Qc3+ Kh7 33.Re7+ Kg8 34.d6 Rac8 35.Qe1 g5 36.Qd1 Qg6+
37.Kb2 Rf2+ 38.Ka3 Qf5 39.Qe1 Qc5+ 40.b4 Qc3+  0-1

[Event "Rilton Cup"]
[Site "Stockholm SWE"]
[Date "2002.01.04"]
[Round "8"]
[White "Bellon Lopez,JuM"]
[Black "Kolbus,D"]
[Result "1-0"]
[WhiteElo "2442"]
[BlackElo "2307"]

1.d4 Nf6 2.Bg5 Ne4 3.Bh4 d5 4.f3 Nd6 5.Nc3 Nf5 6.Bf2 c6 7.e4 Nh6 8.h3 e6
9.Qd2 Be7 10.O-O-O f5 11.Be3 Nf7 12.Kb1 Nd7 13.Bd3 fxe4 14.fxe4 dxe4 15.Nxe4 Nf6
16.Nxf6+ Bxf6 17.Nf3 Bd7 18.g4 Be7 19.h4 Qc7 20.Ng5 Nxg5 21.hxg5 O-O-O 22.Bxh7 e5
23.Qg2 Kb8 24.Qe4 Bd6 25.Bf5 Rhe8 26.Bxd7 Rxd7 27.dxe5 Bxe5 28.Rxd7 Qxd7
29.Re1 Kc8 30.Bf4 Bxf4 31.Qxe8+ Qxe8 32.Rxe8+ Kd7 33.Rf8 Bxg5 34.Rf7+ Be7
35.Rxg7 Ke8 36.c3 Kf8 37.Rh7 b5 38.Kc2 c5 39.Kd3 b4 40.cxb4 cxb4 41.Kc4 Ke8
42.Rxe7+ Kxe7 43.Kxb4 Kf6 44.Ka5 Kg5 45.Ka6 Kxg4 46.Kxa7 Kf5 47.b4 Ke6 48.b5  1-0

[Event "Keres Mem Rapid w"]
[Site "Tallinn EST"]
[Date "2002.01.06"]
[Round "7"]
[White "Paasikangas,J"]
[Black "Allekand,L"]
[Result "1-0"]
[WhiteElo "2300"]
[BlackElo "2010"]

1.d4 Nf6 2.Bg5 Ne4 3.h4 d5 4.Nd2 c5 5.Nxe4 dxe4 6.e3 Nc6 7.c3 Qb6 8.Qc2 f6
9.Bf4 cxd4 10.exd4 Bf5 11.Be3 Qa5 12.Qb3 Qc7 13.Bb5 e6 14.Nh3 a6 15.Be2 h5
16.Nf4 Qf7 17.Bc4 Bd6 18.Nxe6 Qe7 19.Nf4 b5 20.Be2 Qc7 21.Nxh5 b4 22.Qd5 Bg6
23.Nf4 Bf7 24.Qxe4+  1-0

[Event "Troll Masters"]
[Site "Gausdal NOR"]
[Date "2002.01.10"]
[Round "8"]
[White "Svensen,T"]
[Black "Kahn,Mi"]
[Result "0-1"]
[WhiteElo "2077"]
[BlackElo "2167"]

1.d4 Nf6 2.Bg5 Ne4 3.Bf4 c5 4.f3 Qa5+ 5.c3 Nf6 6.d5 d6 7.e4 g6 8.Na3 Bg7
9.Nc4 Qd8 10.a4 O-O 11.Bd3 Nh5 12.Bg5 h6 13.Bh4 Nf4 14.Qd2 g5 15.Bg3 Nxd3+
16.Qxd3 f5 17.Ne2 Na6 18.O-O Qe8 19.Bf2 Qg6 20.Nd2 Be5 21.exf5 Bxf5 22.Ne4 h5
23.N2g3 Bxg3 24.Bxg3 h4 25.Bf2 g4 26.Kh1 g3 27.Bg1 Nc7 28.c4 Rf7 29.Rfe1 Rg7
30.Qd2 Rf8 31.Be3 Bxe4 32.fxe4 h3 33.Re2 hxg2+ 34.Rxg2 Qxe4 35.Bg1 gxh2 36.Bxh2 Rf5
37.Qe2 Qxg2+ 38.Qxg2 Rxg2 39.Kxg2 Kf7 40.Ra3 Na6 41.Rh3 Nb4 42.Rh8 Nd3 43.Rb8 Nxb2
44.Rxb7 Nxc4 45.Rxa7 Rxd5 46.a5 Rd2+ 47.Kg1 Ke6 48.a6 Ra2 49.Bg3 Nd2 50.Ra8 Ne4
51.Bf4 d5 52.a7 d4 53.Kf1 Kd7 54.Ke1 d3 55.Be5 c4  0-1

[Event "18th Open"]
[Site "Skopje MKD"]
[Date "2002.01.16"]
[Round "2"]
[White "Miladinovic,I"]
[Black "Kolev,At"]
[Result "0-1"]
[WhiteElo "2509"]
[BlackElo "2568"]

1.d4 Nf6 2.Bg5 Ne4 3.Bf4 c5 4.f3 Qa5+ 5.c3 Nf6 6.Nd2 cxd4 7.Nb3 Qd8 8.Bxb8 Rxb8
9.Qxd4 a6 10.e4 d6 11.f4 g6 12.Nf3 Bg7 13.e5 Nd7 14.O-O-O dxe5 15.fxe5 Qc7
16.Bc4 e6 17.Rhe1 b5 18.Bd3 O-O 19.Kb1 a5 20.Bc2 b4 21.cxb4 Rxb4 22.Qd6 Qa7
23.Nfd4 Rb6 24.Nc6 Rxc6 25.Qxc6 Nxe5 26.Qa4 Qb8 27.Rd2 Ba6 28.Rd4 Bb5 29.Qa3 Nc4
30.Rxc4 Bxc4 31.Nxa5 Bd5 32.g3 Qb6 33.Nb3 Qf2 34.Qb4 Qxh2 35.g4 Rc8 36.Qd2 Qg3
37.Bd1 Bh6 38.Qb4 Qd3+ 39.Ka1 Bf8 40.Qf4 Ra8 41.Qe3 Qa6 42.a3 Bxa3 43.bxa3 Qxa3+  0-1

[Event "18th Open"]
[Site "Skopje MKD"]
[Date "2002.01.16"]
[Round "2"]
[White "Ivanisevic,I"]
[Black "Stojanovski,D"]
[Result "0-1"]
[WhiteElo "2540"]
[BlackElo "2416"]

1.d4 Nf6 2.Bg5 Ne4 3.Bf4 c5 4.f3 Nf6 5.dxc5 Qa5+ 6.Nc3 Qxc5 7.e4 g5 8.Bd2 Bg7
9.b4 Qe5 10.f4 gxf4 11.Nf3 Qh5 12.e5 Ng4 13.Be2 Nxe5 14.O-O Nxf3+ 15.Bxf3 Qe5
16.Nd5 Qxa1 17.Qxa1 Bxa1 18.Rxa1 Kd8 19.Re1 Nc6 20.Bc3 f6 21.Nxe7 Ne5 22.Nd5 d6
23.Nxf6 Nxf3+ 24.gxf3 Bh3 25.Kf2 Rc8 26.Nd5 Rf8 27.Bf6+ Rxf6 28.Nxf6 Rxc2+
29.Re2 Rxe2+ 30.Kxe2 Bf5 31.Nh5 Kd7 32.Nxf4 Kc6 33.Kd2 Kb5 34.Kc3 Ka4 35.Ne2 Bb1
36.Nc1 d5 37.Nb3 Bxa2 38.Nd4 Bb1 39.f4 a5 40.b5 b6 41.h4 Bg6 42.f5 Bf7 43.f6 Bg6
44.Nf5 Kxb5 45.f7 Bxf7 46.Nd6+ Kc5 47.Nxf7 a4 48.Ng5 d4+ 49.Kd3 a3 50.Ne6+ Kb4
51.Nxd4 a2 52.h5 h6 53.Kd2 Kc4 54.Nc2 Kb3 55.Kc1 Kc3 56.Na1 b5  0-1

[Event "18th Open"]
[Site "Skopje MKD"]
[Date "2002.01.18"]
[Round "4"]
[White "Miladinovic,I"]
[Black "Stojanovski,D"]
[Result "1/2-1/2"]
[WhiteElo "2509"]
[BlackElo "2416"]

1.d4 Nf6 2.Bg5 Ne4 3.h4 c5 4.dxc5 h6 5.Be3 e6 6.Nd2 Nxc5 7.Bxc5 Bxc5 8.Ne4 O-O
9.Qd2 Be7 10.Nd6 Qb6 11.O-O-O Bxd6 12.Qxd6 Qxf2 13.Nf3 Na6 14.Rh3 Qc5 15.Qd2 Nb4
16.a3 Nc6 17.Rg3 Kh8 18.e4 Ne5 19.Kb1 b6 20.b4 Qc7 21.Qd6 Qxd6 22.Rxd6 f6
23.Nxe5 fxe5 24.Bb5 Rf7 25.Rgd3 Bb7 26.Rxd7 Rxd7 27.Bxd7 Bxe4 28.Re3 Bxg2
29.c4 a5 30.Rxe5 axb4 31.axb4 Rd8 32.Bb5 Bh3 33.Ba6 Bf5+ 34.Kb2 g5 35.hxg5 hxg5
36.c5 bxc5 37.bxc5 Rd5 38.Rxd5 exd5 39.Kc3 g4 40.Kd4 g3 41.Bf1 Be4 42.c6 g2
43.Bxg2 Bxg2 44.c7 Bh3  1/2-1/2

[Event "39th BPCL ch-IND"]
[Site "Nagpur IND"]
[Date "2002.01.19"]
[Round "4"]
[White "Ramesh,R"]
[Black "Mahesh Chandran,P"]
[Result "0-1"]
[WhiteElo "2480"]
[BlackElo "2436"]

1.d4 Nf6 2.Bg5 Ne4 3.Bf4 c5 4.f3 Qa5+ 5.c3 Nf6 6.d5 Qb6 7.Bc1 e6 8.c4 exd5
9.cxd5 c4 10.e3 Bc5 11.Kf2 O-O 12.Bxc4 Re8 13.Qb3 Qd6 14.Ne2 b5 15.Bxb5 Na6
16.Nbc3 Rb8 17.Qd1 Nb4 18.Bc4 Qe5 19.Nd4 Nbxd5 20.Nxd5 Nxd5 21.Bxd5 Rxb2+
22.Nc2 Bxe3+ 23.Bxe3 Qxe3+ 24.Kg3 Qg5+ 25.Kf2 Qe3+ 26.Kg3 Qg5+ 27.Kf2 Ba6
28.h4 Qf5 29.Bb3 Re2+ 30.Qxe2 Bxe2 31.Rhe1 Qc5+ 32.Kxe2 Rxc2+ 33.Bxc2 Qxc2+
34.Kf1 h5 35.Re2 Qc4 36.Rd1 d5 37.g3 f6 38.Kf2 Kf7 39.Rdd2 a6 40.Kg2 Kg6
41.Rc2 Qb5 42.Rb2 Qc5 43.Rbc2 Qa5 44.Rcd2 Kf5 45.Rd4 Qc5 46.Rf4+ Kg6 47.Rd2 Qe3
48.Rfd4 Kh6 49.R4d3 Qe1 50.Rxd5 Qc1 51.R5d3 Qe1 52.a3 Qc1 53.f4 Qc6+ 54.Kf2 Kg6
55.Rd5 Qa4 56.R2d3 Qe4 57.R5d4 Qh1 58.Rd5 Qe4 59.R3d4 Qh1 60.Rd1 Qe4 61.R1d3 Kh6
62.R5d4 Qh1 63.Rd1 Qc6 64.Ke3 Qg2 65.a4 Qxg3+ 66.Ke4 Qxh4 67.Kd5 Qg4 68.Kc6 Qe6+
69.Kc5 h4 70.R1d2 Kh5 71.Rd5+ g5 72.fxg5 fxg5 73.Rg2 Qe3+ 74.Kc6 h3 75.Rgd2 Kh4
76.Rd8 g4 77.Rh8+ Kg3  0-1

[Event "New Dolmen Open"]
[Site "Qawra MLT"]
[Date "2002.01.19"]
[Round "7"]
[White "Elfert,A"]
[Black "Pace,C"]
[Result "1-0"]
[WhiteElo "2239"]
[BlackElo "2171"]

1.d4 Nf6 2.Bg5 Ne4 3.Bf4 c5 4.f3 Qa5+ 5.c3 Nf6 6.d5 Qb6 7.b3 d6 8.e4 g6 9.Qd2 h5
10.h4 Bg7 11.Be2 a6 12.Na3 Nbd7 13.Nc4 Qc7 14.a4 Rb8 15.a5 b5 16.axb6 Nxb6
17.Na5 Nbd7 18.Nh3 Nh7 19.Ng5 Nxg5 20.hxg5 Rb6 21.g3 f6 22.Bc4 fxg5 23.Bxg5 Ne5
24.Be2 Rf8 25.O-O Qd7 26.Rf2 Nf7 27.Be3 Qh3 28.Rg2 Ne5 29.Rf1 Bf6 30.Bf4 Qd7
31.Bxe5 Bxe5 32.f4 Bg7 33.g4 h4 34.Qd3 Qb5 35.e5 Qxd3 36.Bxd3 dxe5 37.fxe5 Rxf1+
38.Bxf1 Bxe5 39.Nc4 Bc7 40.Nxb6 Bxb6 41.c4 g5 42.Bd3 Bc7 43.Bf5 Bxf5 44.gxf5 Bf4
45.Re2 Kf7 46.Re6 a5 47.Ra6 Bd2 48.Rg6 Bf4 49.Kg2 Bd2 50.Kh3  1-0

[Event "18th Open"]
[Site "Skopje MKD"]
[Date "2002.01.22"]
[Round "8"]
[White "Miladinovic,I"]
[Black "Georgiev,Ki"]
[Result "0-1"]
[WhiteElo "2509"]
[BlackElo "2655"]

1.d4 Nf6 2.Bg5 Ne4 3.Bf4 c5 4.f3 Qa5+ 5.c3 Nf6 6.Nd2 cxd4 7.Nb3 Qd8 8.Bxb8 Rxb8
9.Qxd4 a6 10.Qa7 Qc7 11.e4 e6 12.Bxa6 Bd6 13.Bb5 Bxh2 14.Ne2 b6 15.Qxc7 Bxc7
16.Nbd4 Ke7 17.Kf2 Bb7 18.Nc1 Ne8 19.Be2 Rc8 20.a4 h5 21.Nd3 g5 22.Nb4 Ra8
23.Nb5 Bb8 24.Rhd1 h4 25.Na3 Bg3+ 26.Ke3 Nd6 27.Nc4 Nxc4+ 28.Bxc4 h3 29.Bb5 Rad8
30.gxh3 Rxh3 31.Rh1 Bh2 32.Kf2 g4 33.Kg2 Rdh8 34.Rad1 gxf3+  0-1

[Event "FSFMB February"]
[Site "Budapest HUN"]
[Date "2002.02.08"]
[Round "7"]
[White "Dombai,I"]
[Black "Fodor,I"]
[Result "1-0"]
[WhiteElo "2214"]
[BlackElo "2082"]

1.d4 Nf6 2.Bg5 Ne4 3.Bf4 d5 4.Nd2 Bf5 5.Ngf3 Nd7 6.e3 e6 7.Be2 Be7 8.O-O O-O
9.c4 c6 10.Nxe4 Bxe4 11.c5 Bxf3 12.Bxf3 f6 13.h3 e5 14.Bh2 e4 15.Be2 f5 16.f3 Bg5
17.Qb3 b6 18.fxe4 fxe4 19.Rxf8+ Nxf8 20.cxb6 Qxb6 21.Qc3 Ng6 22.Bg4 Rf8 23.Re1 a5
24.a3 Kh8 25.Bg3 Be7 26.Rc1 Bg5 27.Kh2 Bh4 28.Bd6 Rd8 29.Qxc6 Qxb2 30.Rc2 Qb1
31.Be6 Qe1 32.Bc7 Rf8 33.Qc3 Qf1 34.Bd6 Bf2 35.Rc1 Bg1+ 36.Kh1 Bxe3+ 37.Rxf1 Rxf1+
38.Kh2 Bg1+ 39.Kg3 h5 40.h4 Bf2+ 41.Kh2 Bg1+ 42.Kh3 Bf2 43.g3  1-0

[Event "Open"]
[Site "Portsmouth ENG"]
[Date "2002.02.10"]
[Round "5"]
[White "Povah,N"]
[Black "Wells,P"]
[Result "0-1"]
[WhiteElo "2351"]
[BlackElo "2517"]

1.d4 Nf6 2.Bg5 Ne4 3.Bf4 c5 4.f3 Nf6 5.dxc5 Qa5+ 6.Nc3 Qxc5 7.e4 g6 8.Qd2 Bg7
9.O-O-O Nc6 10.Be3 Qa5 11.Bc4 d6 12.Bh6 Bxh6 13.Qxh6 Be6 14.Bxe6 fxe6 15.Nge2 b5
16.Qg5 Ne5 17.f4 b4 18.fxe5 bxc3 19.Nxc3 Rb8 20.Rd3 Nd7 21.Rf1 Nxe5 22.Rg3 h6
23.Qf4 Kd7 24.Nd1 Rhc8 25.Qd2 Qa6 26.Rf2 Nc4 27.Qxh6 Qxa2  0-1

[Event "It"]
[Site "Morso DEN"]
[Date "2002.02.11"]
[Round "3"]
[White "Berg,K"]
[Black "Navara,D"]
[Result "1/2-1/2"]
[WhiteElo "2418"]
[BlackElo "2531"]

1.d4 Nf6 2.Bg5 Ne4 3.Bf4 d5 4.e3 c5 5.Bd3 Nc6 6.Bxe4 dxe4 7.d5 e5 8.Bg3 Ne7
9.Nc3 f6 10.Qh5+ Ng6 11.O-O-O Qa5 12.f4 exf3 13.Nxf3 Qc7 14.Nb5 Qd7 15.Nh4 Qg4
16.Nc7+ Kf7 17.Qxg4 Bxg4 18.Nxa8 Bxd1 19.Rxd1 Nxh4 20.Bxh4 Bd6 21.e4 Rxa8
22.Rf1 b5 23.g4 h6 24.Bg3 a5 25.Kd2 c4 26.a3 a4 27.c3 Rh8 28.h4 g5  1/2-1/2

[Event "Petrov Mem Open"]
[Site "St Petersburg RUS"]
[Date "2002.02.12"]
[Round "1"]
[White "Chepukaitis,G"]
[Black "Trushelyov,V"]
[Result "1-0"]
[WhiteElo "2402"]
[BlackElo "2124"]

1.d4 Nf6 2.Bg5 Ne4 3.Bh4 c5 4.f3 g5 5.fxe4 gxh4 6.e3 Bh6 7.Kf2 cxd4 8.exd4 e5
9.Qh5 Qf6+ 10.Nf3 exd4 11.Na3 Be3+ 12.Ke1 d6 13.Nb5 Na6 14.Qxh4 Qxh4+ 15.Nxh4 Ke7
16.Nf3 Nb4 17.Bd3 Bg4 18.Nbxd4 Kd7 19.h3 Bh5 20.g4 Bg6 21.Ke2 Bf4 22.a3 Nc6
23.Kf2 Rae8 24.Rae1 Nxd4 25.Nxd4 a6 26.c3 h5 27.Kf3 Bd2 28.Rd1 hxg4+ 29.hxg4 Rxh1
30.Rxh1 d5 31.Nf5 Bxf5 32.gxf5 Bg5 33.Rh7 Re7 34.a4 f6 35.Rh8 Re8 36.Rh1 Re7
37.Rd1 dxe4+ 38.Bxe4+ Kc7 39.Rh1 Rd7 40.Rh8 Bc1 41.b3 Bd2 42.c4 Bc3 43.Bd5 Kb6
44.Ke4 Kc5 45.Rc8+ Kb4 46.c5 Be5 47.c6 bxc6 48.Rxc6 Rd6 49.Rc8 a5 50.Rb8+ Ka3
51.Rb5 Bc3 52.Kd3 Kb2 53.Kc4 Rd8 54.Kc5 Ka3 55.Kc6 Rc8+ 56.Kd7 Rh8 57.Ke7 Rc8
58.Kf7 Kb2 59.Kg6 Kc2 60.Rb6 Kd3 61.Be6 Rc7 62.Rd6+ Ke4 63.Rd1 Ke3 64.Rh1 Be5
65.Rh4 Bc3 66.Rh3+ Ke4 67.Bc4 Be5 68.Bb5 Kf4 69.b4 axb4 70.Rh4+ Ke3 71.Rxb4 Ra7
72.Rc4 Ra8 73.Bc6 Ra7 74.Re4+ Kd3 75.Rh4 Ra5 76.Rh7 Ke3 77.Rb7 Kd4 78.Bb5 Ra8
79.Rd7+ Ke3 80.Rd5 Kf4 81.Rd1 Rg8+ 82.Kf7 Rb8 83.Rf1+ Ke4 84.Bc6+ Kd4 85.a5 Rc8
86.Bb5 Rc5 87.Rb1 Ke4 88.a6 Kxf5 89.Bd7+ Kf4 90.Rb4+ Ke3 91.a7  1-0

[Event "XVIII Open"]
[Site "Cappelle la Grande FRA"]
[Date "2002.02.14"]
[Round "6"]
[White "Winants,L"]
[Black "Czarnota,P"]
[Result "1/2-1/2"]
[WhiteElo "2488"]
[BlackElo "2194"]

1.d4 Nf6 2.Bg5 Ne4 3.Bf4 c5 4.d5 Qb6 5.Nd2 Nxd2 6.Bxd2 Qxb2 7.e4 Qe5 8.Bd3 Qc7
9.f4 c4 10.Be2 e6 11.Nf3 exd5 12.exd5 Bc5 13.Bxc4 O-O 14.Qe2 d6 15.Bd3 Bd7
16.Kf1 Re8 17.Qd1 Bb6 18.Ng5 h6 19.Qh5 hxg5 20.Re1 g6 21.Bxg6 Bb5+ 22.Bd3 Bxd3+
23.cxd3 Rxe1+ 24.Kxe1 Qe7+ 25.Kd1 Qf6 26.h4 Qg6 27.Qg4 f5 28.Qxg5 Qxg5 29.hxg5 Bd4
30.Rh6 Na6 31.Rxd6 Nc5 32.Ke2 Re8+ 33.Kf3 Nxd3 34.Rd7 Nc5 35.Rc7 Ne4 36.Bc1 Nc5
37.d6 Rd8 38.Ba3 b6 39.Rxa7 Rxd6 40.g4 Rd5 41.gxf5 Rxf5 42.Kg4 Rf7 43.Ra8+ Rf8
44.Ra7  1/2-1/2

[Event "Open"]
[Site "Malaga ESP"]
[Date "2002.02.26"]
[Round "5"]
[White "Linan Baena,J"]
[Black "Komljenovic,D"]
[Result "0-1"]
[WhiteElo "2155"]
[BlackElo "2505"]

1.d4 Nf6 2.Bg5 Ne4 3.Bh4 c5 4.f3 g5 5.fxe4 gxh4 6.e3 Qb6 7.Nc3 e6 8.e5 d5
9.exd6 Bxd6 10.Ne4 Be7 11.Nxc5 Qxb2 12.Nd3 Qc3+ 13.Kf2 Nd7 14.Be2 e5 15.dxe5 Nxe5
16.Nxe5 Qxe5 17.Nf3 Qf6 18.Bb5+ Kf8 19.Qd4 Bf5 20.Bd3 Bg6 21.Rab1 b6 22.Rhd1 Kg7
23.Qxf6+ Bxf6 24.Rb4 Rhc8 25.Nxh4 Bxd3 26.cxd3 Rc2+ 27.Kf3 Rxa2 28.Rf4 Kf8
29.Rc1 h5 30.Re4 Re8 31.Nf5 Ra5 32.Rxe8+ Kxe8 33.Nd6+ Kd7 34.Ne4 Be7 35.d4 f5
36.Ng3 h4 37.Ne2 Bd6 38.Nf4 Ra2 39.Ng6 h3 40.gxh3 Rxh2 41.Nf4 a5 42.Kg3 Bxf4+
43.exf4 Rd2 44.Kh4 a4 45.Kg5 a3 46.Rc3 a2 47.Ra3 b5  0-1

[Event "FSIMB March"]
[Site "Budapest HUN"]
[Date "2002.03.02"]
[Round "1"]
[White "Dombai,I"]
[Black "Brustkern,J"]
[Result "1-0"]
[WhiteElo "2214"]
[BlackElo "2289"]

1.d4 Nf6 2.Bg5 Ne4 3.Bf4 c5 4.f3 Nf6 5.d5 Qb6 6.b3 d6 7.e4 g6 8.Nd2 Bg7 9.Rb1 Qa5
10.a4 O-O 11.Bd3 Nh5 12.Bg5 Re8 13.Ne2 e6 14.O-O Nd7 15.Nc4 Qc7 16.Qd2 b6
17.g4 Nhf6 18.Nc3 a6 19.dxe6 fxe6 20.Bf4 e5 21.Bg5 Bb7 22.Ne3 h6 23.Bh4 Kh7
24.Bc4 Bf8 25.Rbd1 Be7 26.Bg3 Rf8 27.Kg2 Rad8 28.h4 Qb8 29.Qe2 Qa8 30.Bd5 Nb8
31.h5 gxh5 32.Nf5 Bxd5 33.Qd2 Ng8 34.Nxd5 Bg5 35.f4 exf4 36.Bxf4 Bxf4 37.Rxf4 Nc6
38.Rh1 Nb4 39.Rxh5 Nxd5 40.exd5 Rf6 41.Qd3 Kh8 42.g5 Rg6 43.Nxh6 Nxh6 44.Qxg6 Qxd5+
45.Kg3  1-0

[Event "2nd HCC"]
[Site "Helsinki FIN"]
[Date "2002.03.04"]
[Round "7"]
[White "Karttunen,M"]
[Black "Nyysti,S"]
[Result "1-0"]
[WhiteElo "2429"]
[BlackElo "2245"]

1.d4 Nf6 2.Bg5 Ne4 3.Bf4 c5 4.f3 Qa5+ 5.c3 Nf6 6.Nd2 cxd4 7.Nb3 Qb6 8.Qxd4 Nc6
9.Qxb6 axb6 10.Nd4 e5 11.Nxc6 exf4 12.Nd4 Bc5 13.g3 Bxd4 14.cxd4 Ra4 15.gxf4 Rxd4
16.e3 Ra4 17.Ne2 O-O 18.Nc3 Ra5 19.O-O-O Re8 20.b4 Ra8 21.e4 d5 22.Bb5 Rd8
23.e5 Nh5 24.Nxd5 Be6 25.Nxb6 Rab8 26.f5 Bxf5 27.Rd6 Be6 28.Kb2 Nf4 29.Rhd1 Rf8
30.Nd7 Bxd7 31.Bxd7 Ng6 32.R1d5 Rfd8 33.Kc3 Ra8 34.a4 Nf4 35.Rc5 Kf8 36.Rc7 Ra6
37.Rxb7 Rxd6 38.exd6 Nd5+ 39.Kc4 Rxd7 40.Rb8+  1-0

[Event "ONCE Blind"]
[Site "Linares ESP"]
[Date "2002.03.04"]
[Round "9"]
[White "Bjerring,K"]
[Black "Dukaczewski,P"]
[Result "1-0"]
[WhiteElo "2284"]
[BlackElo "2337"]

1.d4 Nf6 2.Bg5 Ne4 3.Bf4 d5 4.Nd2 Nxd2 5.Qxd2 c6 6.e3 g6 7.h4 h5 8.Be5 f6
9.Bg3 Be6 10.Bd3 Bf7 11.Ne2 Nd7 12.f3 e5 13.c3 Bd6 14.Qc2 Rg8 15.e4 dxe4
16.fxe4 Qe7 17.O-O-O a5 18.Kb1 a4 19.Bf2 Kf8 20.Nc1 Kg7 21.Rhg1 Be6 22.Be2 exd4
23.cxd4 c5 24.dxc5 Bh2 25.Rh1 Be5 26.Bc4 Rgc8 27.Bxe6 Qxe6 28.Nd3 Ra6 29.Rh3 Qg4
30.Nxe5 Nxe5 31.Rg3 Qe6 32.Rc3 Qf7 33.Rd6 Nc6 34.a3 Re8 35.Bg3 Raa8 36.Rc4 Qe7
37.e5 Nxe5 38.Rxa4 Rxa4 39.Qxa4 Nf7 40.Rd1 Rc8 41.Bd6 Qe6 42.Qb4 Qe2 43.Qd2 Qe4+
44.Ka1 Qxh4 45.Qd5 Rc6 46.g3 Qg5 47.Qe6 Qxc5 48.Bxc5 Rxc5 49.Qxf7+ Kxf7 50.Rd7+ Ke6
51.Rxb7 Ra5 52.Ka2 Kf5 53.Rc7 Kg4 54.Rc3 f5 55.b4 Ra8 56.Kb3 h4 57.gxh4 f4
58.Rc6 Rg8 59.Rf6 f3 60.b5 Kg3 61.a4 f2 62.a5 g5 63.a6 g4 64.a7 Kg2 65.b6 g3
66.b7 Rg6 67.Rxg6 f1=Q 68.Rxg3+ Kxg3 69.b8=Q+ Kh3 70.Qc8+ Kh2 71.Qc2+ Kh3
72.a8=Q Qb5+ 73.Ka2 Qf1 74.Qag2+  1-0

[Event "Open"]
[Site "Reykjavik ISL"]
[Date "2002.03.07"]
[Round "1"]
[White "Kjartansson,G"]
[Black "Kristjansson,S"]
[Result "0-1"]
[WhiteElo "2060"]
[BlackElo "2389"]

1.d4 Nf6 2.Bg5 Ne4 3.Bf4 c5 4.d5 Qb6 5.Bc1 d6 6.f3 Qa5+ 7.c3 Nf6 8.e4 g6
9.Bd2 Bg7 10.c4 Qd8 11.Bc3 Na6 12.Nd2 O-O 13.Ne2 Rb8 14.Ng3 Nc7 15.Be2 b5
16.b3 h5 17.O-O b4 18.Bb2 Nfxd5 19.Bxg7 Ne3 20.Qc1 Nxf1 21.Nxh5 Nxd2 22.Qxd2 gxh5
23.Qh6 f6 24.Qh8+ Kf7 25.Qh7 Ne6 26.f4 Nxg7 27.Bxh5+ Ke6 28.Bg4+ f5 29.exf5+ Kd7
30.Qxg7 Rf6  0-1